Diccionario visual Altea del cuerpo humano / (Registro nro. 15614)

Detalles MARC
000 -LIDER
fixed length control field 01208cmm a2200373 c 4500
001 - NÚMERO DE CONTROL
Identificador de número de control 39625
003 - IDENTIFICACDOR DE NÚMERO DE CONTROL
control field DO-SdBPM
005 - DATE AND TIME OF LATEST TRANSACTION
control field 20260120112335.0
007 - CAMPOS FIJOS DE DESCRIPCIÓN FÍSICA
fixed length control field ta
008 - ELEMENTOS DE LONGITUD FIJA
fixed length control field 110429s2000 sp i 000 spa
015 ## - NÚMERO DENTRO DE LA BIBLIOGRAFÍA NACIONAL
National bibliography number
017 ## - NÚMERO DE REGISTRO DE DERECHOS DE AUTOR
Copyright or legal deposit number
Assigning agency
Canceled/invalid copyright or legal deposit number
020 ## - ISBN
International Standard Book Number 8437245281
035 ## - NÚMERO LOCAL
System control number
040 ## - FUENTE DE CATALOGACIÓN
Agencia que crea de manera original el registro DO-SdBPM
Idioma de catalogación spa
Agencia que realiza la transcripción BPMSU
Convenciones de la despripción rda
Agencia que realiza la modificación
080 ## - NÚMERO DE CLASIFICACIÓN DECIMAL UNIVERSAL
Universal Decimal Classification number
082 #4 - NÚMERO DE CLASIFICACIÓN DECIMAL DE DEWEY
Classification number R612
Item number D545v 2000
Edition number 22
245 00 - MENCIÓN DE TITULO
Título Diccionario visual Altea del cuerpo humano /
Mención de responsabilidad traducción José Manual vidal Sacanell ; ilustradores Simone End ... [et al.].
Medio (Designación general de material)
264 ## - PRODUCTION, PUBLICATION, DISTRIBUTION, MANUFACTURE, AND COPYRIGHT NOTICE
Place of production, publication, distribution, manufacture Madrid :
Name of producer, publisher, distributor, manufacturer bAltea,
Date of production, publication, distribution, manufacture, or copyright notice 2000
300 ## - DESCRIPCIÓN FÍSICA
Extensión 63 páginas .;
Otros detalles físicos il.ustraciones :
Dimensiones 32 cm.
336 ## - CONTENT TYPE
Content type term texto
Content type code txt
Source rdacontent
337 ## - MEDIA TYPE
Media type term sin mediación
Media type code n
Source rdamedia
338 ## - CARRIER TYPE
Carrier type term volumen
Carrier type code nc
Source rdacarrier
500 ## - NOTA GENERAL
Nota general Incluye índice
534 ## - NOTA SOBRE LA VERSIÓN ORIGINAL
Frase introductoria Título original :
Mención del título original The visual dictionary of the human body.
590 ## - NOTA LOCAL
Texto de la nota local Inventariado, 2026/VM
650 #7 - ENCABEZAMIENTO DE MATERIA--TEMÁTICO
Término temático o nombre geográfico como elemento de entrada Anatomía humana
Subdivisión de forma Diccionario
650 #7 - ENCABEZAMIENTO DE MATERIA--TEMÁTICO
Término temático o nombre geográfico como elemento de entrada Histología
Subdivisión de forma Diccionario
700 1# - ASIENTO SECUNDARIO -- NOMBRE PERSONAL
Nombre personal vidal Sacanel, José Manual ;
Mención de responsabilidad traducción
700 1# - ASIENTO SECUNDARIO -- NOMBRE PERSONAL
Nombre personal End, Simone
Mención de responsabilidad ilustradores
700 12 - ASIENTO SECUNDARIO -- NOMBRE PERSONAL
Nombre personal Orte, Emilio Martín
910 ## - VALIDACIÓN
Validación V. Control de calidad BPMSU
942 ## - ADDED ENTRY ELEMENTS (KOHA)
Source of classification or shelving scheme Dewey Decimal Classification
Koha item type Libros
Existencias
Withdrawn status Lost status Source of classification or shelving scheme Damaged status Not for loan Collection code Home library Current library Date acquired Source of acquisition Total Checkouts Full call number Barcode Date last seen Price effective from Koha item type
    Dewey Decimal Classification     Colección de Referencia General Biblioteca Pública Metropolitana Salomé Ureña Biblioteca Pública Metropolitana Salomé Ureña 01/20/2026 FUNDI   BPMSU CGRI R612 D545v 2000 BPMSU26010027 01/20/2026 01/20/2026 Libros